header

Becoming an author (Record no. 132572)

MARC details
000 -LEADER
fixed length control field 01522nam a2200409 a 4500
082 04 - DEWEY DECIMAL CLASSIFICATION NUMBER
Classification number 808/.02
100 1# - MAIN ENTRY--AUTHOR NAME
Personal name Canter, David V.
245 10 - TITLE STATEMENT
Title Becoming an author
260 ## - PUBLICATION, DISTRIBUTION, ETC. (IMPRINT)
Place of publication Maidenhead, Berkshire, England ;
-- New York, N.Y. :
Name of publisher Open University Press,
Year of publication 2006.
300 ## - PHYSICAL DESCRIPTION
Number of Pages xii, 210 p.
650 #0 - SUBJECT ADDED ENTRY--TOPICAL TERM
Topical Term Authorship.
Topical Term Academic writing.
Topical Term Authors and publishers.
700 1# - ADDED ENTRY--PERSONAL NAME
Personal name Fairbairn, Gavin.
856 40 - ELECTRONIC LOCATION AND ACCESS
Uniform Resource Identifier http://site.ebrary.com/lib/rucke/Doc?id=10161307

No items available.

© 2026 Rongo University
Contact us: librarian | system librarian | Rongo university